ON THE MOVE

Bibliographic Details
Format: Book
Language:English
Published: [Malaysia] : [publisher not identified] 2019
Subjects:

MARC

LEADER 00000cam a2200000 7i4500
001 0000136505
005 20200304.0
008 200221s2019 my a j 000 0 eng
020 |a 9789672303589 
040 |a PERPUSTAM   |b eng   |c PERPUSTAM   |e rda 
090 0 0 |a J 823.92   |b ON 
245 1 4 |a ON THE MOVE 
264 1 |a [Malaysia] :   |b [publisher not identified]   |c 2019 
264 4 |c ©2019 
300 |a 12 pages :   |b colour illustrations ;   |c 30 cm. 
336 |a text, rdacontent 
337 |a unmediated  |2 rdamedia 
338 |a volume  |2 rdacarrier 
500 |a 3D augmented reality book 
650 1 0 |a Children's stories, English 
999 |a 0000638063   |b Buku   |c Koleksi Pinjaman Kanak-Kanak   |e Perbadanan Perpustakaan Awam Melaka 
999 |a 0000638064   |b Buku   |c Koleksi Pinjaman Kanak-Kanak   |e Perpustakaan Cawangan Jasin 
999 |a 0000638065   |b Buku   |c Koleksi Pinjaman Kanak-Kanak   |e Perpustakaan Cawangan Masjid Tanah 
999 |a 0000638066   |b Buku   |c Koleksi Pinjaman Kanak-Kanak   |e Perpustakaan Cawangan Merlimau 
999 |a 0000638067   |b Buku   |c Koleksi Pinjaman Kanak-Kanak   |e Perbadanan Perpustakaan Awam Melaka